| 000 | 00382 a2200133 4500 | ||
|---|---|---|---|
| 020 | _a0070067724 : | ||
| 082 | _a624.15136 BOW | ||
| 100 | _aBowles, Joseph E. | ||
| 245 |
_aPhysical and geotechnical properties of soils / _cJoseph E. Bowles. |
||
| 250 | _a2nd ed. | ||
| 260 |
_aNew York : _bMcGraw-Hill, _c1984. |
||
| 300 |
_axii, 578 p. : _bill. ; _c25 cm. |
||
| 650 | _aSoil mechanics. | ||
| 650 | _aSoil physics. | ||
| 999 |
_c1052 _d1052 |
||